000 01381nam0a22002891 4500
001 rc\2725229
005 20250810042353.0
035 _a(NLR Aleph) 006852726
090 _a6764228
_c6764228
100 _a20110915d1943 u y0rusy50 ca
101 0 _arus
102 _aRU
105 _aa z |||||
200 1 _aЗначение пчеловодства в условиях военного и послевоенного времени
_eВесенние работы на пасеке
_fПроф., д-р биол. наук В. В. Алпатов
210 _aМосква
_cВсерос. о-во охраны природы
_d1943
215 _a35 с.
_cил., черт.
_d15 см.
225 1 _aБиблиотечка передового пчеловода
_fПод ред. проф. В. В. Алпатова и доц. А. В. Фольца
_vВып. 1
300 _aНа обл. только название серии
300 _aАвтор 2-й статьи не указан
700 1 _7ca
_8rus
_aАлпатов
_bВ. В.
_cд-р биол. наук, зоолог
_f1898-1979
_gВладимир Владимирович
_9211034
_3RU\NLR\AUTH\770211090
801 0 _aRU
_bNLR
_gpsbo
801 1 _aRU
_bELAR
_2rusmarc
852 _aNLR
_jС90 Г-2/159
942 _cBOOK
945 _aРоссийская национальная библиотека
980 _aNB
980 _aBV